[Event "Erba op 5th"]
[Site "Erba"]
[Date "2011.03.20"]
[Round "4"]
[White "Janeva, Mariya"]
[Black "Damia, Angelo"]
[Result "0-1"]
[WhiteElo "2028"]
[BlackElo "2334"]
[PlyCount "98"]
[EventDate "2011.03.18"]
[EventType "swiss"]
[EventRounds "5"]
[EventCountry "ITA"]
[SourceTitle "EXT 2023"]
[Source "ChessBase"]
[SourceDate "2022.10.05"]
[SourceVersion "1"]
[SourceVersionDate "2022.10.05"]
[SourceQuality "1"]

1. e4 c5 2. c3 e6 3. Nf3 d5 4. exd5 exd5 5. d4 a6 6. h3 c4 7. Bf4 Bd6 8. Bxd6 Qxd6 9. Be2 Bf5 10. 0-0 Nc6 11. Re1 Nge7 12. Nbd2 0-0 13. Nh4 b5 14. Nxf5 Nxf5 15. Qc2 Qg6 16. Bg4 Nfe7 17. Qxg6 Nxg6 18. g3 Rfd8 19. a3 Kf8 20. f4 Nge7 21. Re2 a5 22. a4 b4 23. Ree1 Rab8 24. Rab1 Rb7 25. Bf3 Rb6 26. Nf1 Rdb8 27. Rbc1 bxc3 28. bxc3 Rb3 29. Ne3 Rd8 30. Kf2 Ra3 31. Bd1 Nc8 32. Re2 Nb6 33. Rb2 Nxa4 34. Bxa4 Rxa4 35. Rb5 Ne7 36. Rcb1 Ra2+ 37. Kf3 Ra3 38. Rc1 a4 39. Ra5 g6 40. g4 Rb8 41. f5 Kg7 42. Ra7 Ng8 43. Nxd5 Rd8 44. Ke4 Ra2 45. Nb6 Rh2 46. Nxc4 Nf6+ 47. Kf4 Rxh3 48. Ne5 Nd5+ 49. Ke4 Re3# 0-1

[Event "Erba op 5th"]
[Site "Erba"]
[Date "2011.03.19"]
[Round "3"]
[White "Borgo, Giulio"]
[Black "Janeva, Mariya"]
[Result "1-0"]
[WhiteElo "2401"]
[BlackElo "2028"]
[PlyCount "61"]
[EventDate "2011.03.18"]
[EventType "swiss"]
[EventRounds "5"]
[EventCountry "ITA"]
[SourceTitle "EXT 2023"]
[Source "ChessBase"]
[SourceDate "2022.10.05"]
[SourceVersion "1"]
[SourceVersionDate "2022.10.05"]
[SourceQuality "1"]

1. e4 e5 2. Nf3 Nc6 3. c3 Bc5 4. d4 exd4 5. cxd4 Bb4+ 6. Nc3 d6 7. Bg5 Nge7 8. h3 h6 9. Bxe7 Bxc3+ 10. bxc3 Qxe7 11. Bd3 0-0 12. 0-0 Kh8 13. Nd2 a5 14. f4 Bd7 15. Qf3 a4 16. Nc4 Rae8 17. Ne3 Qd8 18. Rad1 Na5 19. f5 f6 20. Nd5 Bc6 21. Nf4 Rf7 22. Qh5 Rfe7 23. Ne6 Qa8 24. Rf4 Rg8 25. Rdf1 Be8 26. Qh4 Bf7 27. e5 dxe5 28. dxe5 Bxe6 29. exf6 gxf6 30. Qxf6+ Rgg7 31. fxe6 1-0

[Event "Erba op 5th"]
[Site "Erba"]
[Date "2011.03.18"]
[Round "1"]
[White "Smith, Bryan G"]
[Black "Janeva, Mariya"]
[Result "1-0"]
[WhiteElo "2466"]
[BlackElo "2028"]
[PlyCount "47"]
[EventDate "2011.03.18"]
[EventType "swiss"]
[EventRounds "5"]
[EventCountry "ITA"]
[SourceTitle "EXT 2023"]
[Source "ChessBase"]
[SourceDate "2022.10.05"]
[SourceVersion "1"]
[SourceVersionDate "2022.10.05"]
[SourceQuality "1"]

1. e4 e5 2. Nf3 Nc6 3. Bb5 a6 4. Ba4 Nf6 5. 0-0 Be7 6. Re1 b5 7. Bb3 d6 8. c3 0-0 9. h3 Na5 10. Bc2 c5 11. d4 Nc6 12. d5 Na5 13. b3 c4 14. b4 Nb7 15. a4 Bd7 16. Be3 a5 17. Na3 axb4 18. cxb4 bxa4 19. Nxc4 Bb5 20. Nfd2 Ra6 21. Na3 Qd7 22. Ndb1 Raa8 23. Nc3 Ba6 24. b5 1-0

[Event "EU-Cup (Women) 15th"]
[Site "Plovdiv"]
[Date "2010.10.23"]
[Round "7.4"]
[White "Galojan, Lilit"]
[Black "Janeva, Mariya"]
[Result "1-0"]
[WhiteElo "2373"]
[BlackElo "2042"]
[PlyCount "111"]
[EventDate "2010.10.17"]
[EventType "team-swiss"]
[EventRounds "7"]
[EventCountry "BUL"]
[SourceTitle "CBM 138 Extra"]
[Source "ChessBase"]
[SourceDate "2010.10.29"]
[SourceVersion "1"]
[SourceVersionDate "2010.10.29"]
[SourceQuality "1"]
[WhiteTeam "Yerevan Mika (W)"]
[BlackTeam "Lokomotiv 2000 (W)"]
[WhiteTeamCountry "ARM"]
[BlackTeamCountry "BUL"]

1. d4 Nf6 2. c4 e6 3. Nf3 b6 4. g3 Ba6 5. b3 c6 6. Bg2 d5 7. Ne5 Nfd7 8. Nxd7 Nxd7 9. Nd2 Nf6 10. 0-0 Be7 11. Re1 0-0 12. e4 dxe4 13. Nxe4 Nxe4 14. Bxe4 Rc8 15. Qc2 h6 16. Bb2 Bf6 17. Rad1 Qc7 18. f4 g6 19. h4 h5 20. Qe2 c5 21. d5 exd5 22. Bxd5 Bxb2 23. Qxb2 Bb7 24. Qf6 Bxd5 25. cxd5 Qd8 26. Re7 Rc7 27. d6 Rxe7 28. Qxe7 Re8 29. Qb7 Qf6 30. d7 Rd8 31. Qe4 Kf8 32. Qd3 Qe7 33. Kf2 Qe6 34. Rd2 Qh3 35. Kg1 Qg4 36. Kg2 Qe6 37. Kf2 Qh3 38. Kg1 Qg4 39. Qd6+ Kg7 40. Kf2 Qh3 41. Qe5+ Kh7 42. Qe7 Qh2+ 43. Ke1 Qxg3+ 44. Kd1 Qg1+ 45. Kc2 Qa1 46. Qxd8 Qxa2+ 47. Kc3 Qa1+ 48. Kc4 Qc1+ 49. Kb5 Qxd2 50. Qe7 Qd3+ 51. Kc6 Qf3+ 52. Kc7 Qxf4+ 53. Qd6 Qxh4 54. d8Q Qxd8+ 55. Kxd8 Kh6 56. Qf4+ 1-0

[Event "EU-Cup (Women) 15th"]
[Site "Plovdiv"]
[Date "2010.10.21"]
[Round "5.4"]
[White "Janeva, Mariya"]
[Black "Straub, Natalia"]
[Result "0-1"]
[WhiteElo "2042"]
[BlackElo "2224"]
[PlyCount "116"]
[EventDate "2010.10.17"]
[EventType "team-swiss"]
[EventRounds "7"]
[EventCountry "BUL"]
[SourceTitle "CBM 138 Extra"]
[Source "ChessBase"]
[SourceDate "2010.10.29"]
[SourceVersion "1"]
[SourceVersionDate "2010.10.29"]
[SourceQuality "1"]
[WhiteTeam "Lokomotiv 2000 (W)"]
[BlackTeam "Halle Volksbank (W)"]
[WhiteTeamCountry "BUL"]
[BlackTeamCountry "GER"]

1. e4 e6 2. d4 d5 3. exd5 exd5 4. Nf3 Nf6 5. Bd3 Be7 6. 0-0 Bg4 7. h3 Bh5 8. Bf4 0-0 9. Nbd2 Bd6 10. Bg5 Nbd7 11. c3 c6 12. Qc2 Bg6 13. Bxg6 hxg6 14. Rfe1 Qc7 15. Re2 Rfe8 16. Rae1 Rxe2 17. Rxe2 Re8 18. Rxe8+ Nxe8 19. Nf1 Nef6 20. N3d2 Nf8 21. Qd3 Ne6 22. Bh4 Nh5 23. Qe3 Qa5 24. a3 Qa4 25. Nf3 Bf4 26. Qe2 Bc1 27. Ne5 Nhf4 28. Qg4 Qc2 29. g3 f5 30. Qf3 Ne2+ 31. Kg2 Bxb2 32. Nxg6 Qe4 33. Ne7+ Kh7 34. Nxf5 Nxc3 35. Be7 Qxf3+ 36. Kxf3 Nb5 37. a4 Nbxd4+ 38. Nxd4 Nxd4+ 39. Kf4 Kg6 40. Ne3 Ne2+ 41. Kg4 b6 42. Bb4 a5 43. Bd2 Bc3 44. Bxc3 Nxc3 45. f4 Nxa4 46. f5+ Kf7 47. Kf4 Nc5 48. Ke5 a4 49. Nc2 Ke7 50. h4 Nd7+ 51. Kd4 Kd6 52. g4 c5+ 53. Ke3 Ke5 54. h5 b5 55. Kd3 b4 56. Ne3 a3 57. Kc2 Nf6 58. Kb3 Kf4 0-1

[Event "BUL-chT-A (Women) 43th"]
[Site "Albena"]
[Date "2010.05.27"]
[Round "1.3"]
[White "Janeva, Mariya"]
[Black "Djingarova, Emilia"]
[Result "0-1"]
[WhiteElo "2036"]
[BlackElo "2359"]
[PlyCount "71"]
[EventDate "2010.05.27"]
[EventType "team-tourn"]
[EventRounds "7"]
[EventCountry "BUL"]
[SourceTitle "CBM 136 Extra"]
[Source "ChessBase"]
[SourceDate "2010.07.02"]
[SourceVersion "2"]
[SourceVersionDate "2010.07.15"]
[SourceQuality "1"]
[WhiteTeam "Plovdiv Lokomotiv 2000 (W)"]
[BlackTeam "Sofia CSKA (W)"]
[WhiteTeamCountry "BUL"]
[BlackTeamCountry "BUL"]

1. e4 c5 2. c3 Nf6 3. e5 Nd5 4. d4 cxd4 5. cxd4 e6 6. Nf3 d6 7. a3 Bd7 8. Bd3 Bc6 9. 0-0 Nd7 10. Re1 dxe5 11. dxe5 g6 12. Bg5 Qc7 13. Nbd2 Bg7 14. Nc4 0-0 15. Rc1 a6 16. b4 h6 17. Bh4 Qb8 18. Bg3 Qa7 19. Be4 N7b6 20. Nd6 Rad8 21. Nd4 Ba4 22. Qg4 Rxd6 23. exd6 Bxd4 24. Bxg6 Bg7 25. Bb1 Nd7 26. Qe4 N7f6 27. Qd3 Bb5 28. Qc2 Bd7 29. Be5 Rc8 30. Qd3 Kf8 31. Rxc8+ Bxc8 32. Rc1 Bd7 33. g4 Qb6 34. h4 Qb5 35. Qc2 Nxb4 36. axb4 0-1

[Event "Erba op 4th"]
[Site "Erba"]
[Date "2010.03.06"]
[Round "3"]
[White "Ranfagni, Stefano"]
[Black "Janeva, Mariya"]
[Result "0-1"]
[WhiteElo "1994"]
[BlackElo "2042"]
[PlyCount "100"]
[EventDate "2010.03.05"]
[EventType "swiss"]
[EventRounds "5"]
[EventCountry "ITA"]
[SourceTitle "EXT 2024"]
[Source "ChessBase"]
[SourceDate "2023.10.10"]
[SourceVersion "1"]
[SourceVersionDate "2023.10.10"]
[SourceQuality "1"]

1. e4 e5 2. Nf3 Nc6 3. Bb5 a6 4. Ba4 Nf6 5. Qe2 b5 6. Bb3 Bc5 7. c3 Bb6 8. 0-0 0-0 9. Rd1 Qe7 10. d3 h6 11. Nbd2 d6 12. h3 Na5 13. Bc2 c5 14. Nf1 Nc6 15. Be3 d5 16. Ng3 Be6 17. b3 d4 18. cxd4 cxd4 19. Bd2 Nd7 20. Rdc1 Rfc8 21. Qe1 b4 22. Bd1 a5 23. Nh2 f6 24. Bg4 Nc5 25. Bxe6+ Qxe6 26. Qe2 Na7 27. Nf5 Rc7 28. Ng4 h5 29. Ngh6+ gxh6 30. Qxh5 Qe8 31. Nxh6+ Kf8 32. Qh4 Qg6 33. Nf5 Rh7 34. Bh6+ Kf7 35. Rd1 Rah8 36. f4 Rxh6 37. Nxh6+ Qxh6 38. Qxh6 Rxh6 39. fxe5 fxe5 40. Rf1+ Rf6 41. Rxf6+ Kxf6 42. Rf1+ Kg6 43. Rf3 Nb5 44. g4 Nc3 45. h4 Ne2+ 46. Kg2 Nf4+ 47. Kg3 Ncxd3 48. g5 Nc5 49. Kg4 Nxe4 50. Rf1 d3 0-1